Журнал писем Н.П. Шереметева разным лицам

Доступно только в Электронных читальных залах Найти на картеНа карте
RUSMARC
00004036nmc2a22002653x 450
001b5aa7ef3-c925-47cb-a4c7-decfaa0ae68d
00520230905140059.0
100##$a20230118l18071807k l0rusy0189 ca
1010#$arus
102##$aRU
105##$ay###
1222#$ad
2001#$aЖурнал писем Н.П. Шереметева разным лицам
$j1 января - 31 декабря 1807 г.
215##$a20 л.
$d32,5х20,5 см
251##$cДело
300##$aГраф Николай Петрович Шереметев. Переписка. Книги копий и журналы "партикулярной переписки", и черновики писем Н.П. Шереметева разным лицам
300##$aОриг. заголовок дела: Переписка графа Н.П. Шереметева 1807 года. 1 января 1807 г. - 31 декабря 1807 г
371##$aДокумент не является опубликованным и широко распространяемым
461#0$100198b93a77-94f0-46bb-a7e0-b5027cc72a67
$12001
$aШереметевы, графы
$1251
$cФонд
$1852
$j1088
462#0$1001d3ce280e-361b-49f4-86d2-e1a120f828b4
$12001
$aЛичные документы, переписка и документы, связанные со служебной и общественной деятельностью графов Бориса Петровича, Петра Борисовича, Николая Петровича и Дмитрия Шереметевых
$1251
$cОпись
$1852
$j1
5171#$aПереписка графа Н.П. Шереметева 1807 года. 1 января 1807 г. - 31 декабря 1807 г
801#0$aRU
$bРГИА
$c20230118
$gRCR
801#1$aRU
$bГлавНИВЦ
$c20230118
$2rusmarc
801#2$aRU
$bПБ им. Б.Н. Ельцина
$c20230905
$gRCR
$2rusmarc
850##$aРГИА
852##$aРГИА
$eФедеральное казенное учреждение "Российский государственный исторический архив" (РГИА)
$j112
937##$hРГИА
$d12391198
$aASBIBLIO_SCAN
035##$aRusGRCC00059525
856##$uhttp://readingroom.main.prlib.ru/item.aspx?id_node=n187365011&mode=full
Формат отображения